Common culture : symbolic work at play in the everday cultures of the young

Bibliographic Details
Main Author: Willis, Paul E
Other Authors: Canaan, Joyce, Jones, Simon
Format: Book
Published: Boulder & San Francisco : Westview Press , 1990
Subjects:

MARC

LEADER 00000cam a2200000 7i4500
001 0000004748
002 000005119
005 20080310.0
020 |a 0813310962 
090 0 0 |a 305.2350941   |b WIL 
100 1 |a Willis, Paul E 
245 1 0 |a Common culture :   |b symbolic work at play in the everday cultures of the young   |c Paul Willis 
260 |a Boulder & San Francisco :   |b Westview Press ,   |c 1990 
300 |a 165 p. ;   |c 21 cm. 
650 0 0 |a Youth   |z Great Britain   |x Social condition 
700 1 |a Canaan, Joyce 
700 1 |a Jones, Simon 
999 |a 037495   |b BUKU   |c PINJAMAN   |e PERPUSTAKAAN KOMUNITI PETALING JAYA 
999 |a 037496   |b BUKU   |c PINJAMAN   |e PERPUSTAKAAN KOMUNITI PETALING JAYA